Wort-meldung zu Kirche Staat Universität

Saved in:
Bibliografiske detaljer
Hovedforfatter: Lobkowicz, Nicholas Lobkowicz, Nikolaus (autor)
Format: Bog
Sprog:tysk
Udgivet: Graz Verlag Styria 1980
Udgivelse:1a. ed
Fag:
Tags: Tilføj Tag
Ingen Tags, Vær først til at tagge denne postø!

MARC

LEADER 00000cam a2200000 a 4500
001 UCD3165
003 CL-VaPUC
008 160526e19800000au |||||||||||||||||ger|d
020 |a 3222113068 
082 0 4 |a 378.4  |b LOB  |2 21 
100 |a Lobkowicz, Nicholas  |e autor  |q Lobkowicz, Nikolaus  |9 588164 
245 1 0 |a Wort-meldung zu Kirche Staat Universität 
250 |a 1a. ed 
300 |a 275 p 
942 |c BK 
945 |d 20160526 21:26:00  |a arojas 
260 |a Graz  |b Verlag Styria  |c 1980 
650 0 |a Educación superior   |9 223851 
650 0 |a Estado y educación   |9 311264 
650 0 |a Cristianismo  |9 257361 
650 7 |a IGLESIA Y UNIVERSIDAD  |2 CL-VaPUC  |9 256616 
583 |a last modification  |c 20170504 12:48:49  |k Rodrigo Vera 
999 |c 364217  |d 364215 
952 |0 0  |1 0  |3 erd  |4 0  |6 378_400000000000000_LOB_1980  |7 0  |8 A  |9 477196  |a FDOHBE  |b FDOHBE  |e Huesbe Llanos, Marco Antonio, 1934-  |i 5305675  |o 378.4 LOB 1980  |p 5305675  |r 2024-01-30  |w 2019-11-24  |y BK  |z Catalogado en:20160526  |k HBE